Direito Civil simplificado Obrigaė̳s

Detalles Bibliográficos
Autor principal: Dower, Nelson Godoy Bassil
Formato: eBook
Lenguaje:portugués
Publicado: Sô Paulo : Editora NELPA, 2011
Materias:
Acceso en línea:http://www.vlex.com/source/6758

MARC

LEADER 00000nam a22000007a 4500
005 20130125085138.0
007 cr|||| ||||
008 130125e2011 bl |||||s|||| 00||0 por d
020 |a 8580200059 
035 |a 6758 
040 |a vLex 
090 |c 3593  |d 3593 
100 1 0 |a Dower, Nelson Godoy Bassil 
245 1 0 |a Direito Civil simplificado  |b Obrigaė̳s  |h [Recurso electrn̤ico] 
256 |a Servicio en ln̕ea 
260 |a Sô Paulo :  |b Editora NELPA,  |c 2011  
300 |a 1 Recurso electrn̤ico 
650 0 4 |a Derecho civil  |z Brasil 
740 |a vLex libros (Servicio en ln̕ea) 
856 |a Acceso restringido  |u http://www.vlex.com/source/6758 
942 |c BOOK 
999 0 |a Civil law